The A to Z of pc hardware & maintenance (Record no. 35393)

MARC details
000 -LEADER
fixed length control field 00609nam a2200181Ia 4500
020 ## - INTERNATIONAL STANDARD BOOK NUMBER
ISBN 9788177000412
050 ## - CALL MARK
Classification number TK 7885.54 .G73/
100 ## - STATEMENT OF RESPONSIBILITY--MAIN AUTHOR NAME
Personal name Choudhury, Subhadeep.
245 #6 - TITLE STATEMENT
Title The A to Z of pc hardware & maintenance
260 ## - PUBLICATION, DISTRIBUTION, ETC. (IMPRINT)
Place of publication New Delhi
260 ## - PUBLICATION, DISTRIBUTION, ETC. (IMPRINT)
Name of publisher Gagan Kapur
260 ## - PUBLICATION, DISTRIBUTION, ETC. (IMPRINT)
Year of publication 2010
300 ## - PHYSICAL DESCRIPTION
Number of Pages 3068 p
650 ## - SUBJECT ADDED ENTRY--TOPICAL TERM
Topical Term Computing Technology Industry Association--Examinations--Study guides. Computer technicians--Certification. Microcomputers--Maintenance and repair--Examinations--Study guides.
942 ## - ADDED ENTRY ELEMENTS (KOHA)
Koha item type Books
Holdings
Withdrawn status Lost status Source of classification or shelving scheme Damaged status Not for loan Permanent Location Current Location Shelving location Date acquired Accession Number Price effective from Koha item type
    Library of Congress Classification     NILE UNIVERSITY OF NIGERIA - MAIN LIBRARY NILE UNIVERSITY OF NIGERIA - MAIN LIBRARY Items on shelf 04/23/2025 0185342 04/23/2025 Books